Essentials of materials science and engineering / (Record no. 60622)
[ view plain ]
| 000 -LEADER | |
|---|---|
| fixed length control field | 01410cam a22003377a 4500 |
| 001 - CONTROL NUMBER | |
| control field | 13487314 |
| 003 - CONTROL NUMBER IDENTIFIER | |
| control field | NUST-PNEC |
| 005 - DATE AND TIME OF LATEST TRANSACTION | |
| control field | 20170116180703.0 |
| 008 - FIXED-LENGTH DATA ELEMENTS--GENERAL INFORMATION | |
| fixed length control field | 040211s2004 at a b 001 0 eng d |
| 010 ## - LIBRARY OF CONGRESS CONTROL NUMBER | |
| LC control number | 2004101935 |
| 020 ## - INTERNATIONAL STANDARD BOOK NUMBER | |
| International Standard Book Number | 0534253091 |
| 035 ## - SYSTEM CONTROL NUMBER | |
| System control number | (CStRLIN)EGAGB13195220-B |
| 035 ## - SYSTEM CONTROL NUMBER | |
| System control number | (UaCaAUL).b13195220 |
| 040 ## - CATALOGING SOURCE | |
| Original cataloging agency | UCL |
| Transcribing agency | PNEC |
| 042 ## - AUTHENTICATION CODE | |
| Authentication code | lccopycat |
| 050 00 - LIBRARY OF CONGRESS CALL NUMBER | |
| Classification number | TA403 |
| Item number | .A7335 2004 |
| 082 00 - DEWEY DECIMAL CLASSIFICATION NUMBER | |
| Classification number | 620.11 ASK |
| Edition number | 22 |
| 100 1# - MAIN ENTRY--PERSONAL NAME | |
| Personal name | Askeland, Donald R. |
| 245 10 - TITLE STATEMENT | |
| Title | Essentials of materials science and engineering / |
| Statement of responsibility, etc. | Donald R. Askeland, Pradeep P. Phulé. |
| 260 ## - PUBLICATION, DISTRIBUTION, ETC. | |
| Place of publication, distribution, etc. | Australia : |
| Name of publisher, distributor, etc. | Thomson, |
| Date of publication, distribution, etc. | c2004. |
| 300 ## - PHYSICAL DESCRIPTION | |
| Extent | xx, 588 p. : |
| Other physical details | ill. (some col.) ; |
| Dimensions | 26 cm. |
| 500 ## - GENERAL NOTE | |
| General note | Includes Index http://www.amazon.com/Essentials-Materials-Science-Engineering-Askeland/dp/0534253091/ref=sr_1_1?s=books&ie=UTF8&qid=1410596162&sr=1-1&keywords=0534253091 |
| 650 #0 - SUBJECT ADDED ENTRY--TOPICAL TERM | |
| Topical term or geographic name entry element | Materials science |
| Form subdivision | Textbooks. |
| General subdivision | ME |
| 700 1# - ADDED ENTRY--PERSONAL NAME | |
| Personal name | Fulay, Pradeep P., |
| Dates associated with a name | 1960- |
| 856 42 - ELECTRONIC LOCATION AND ACCESS | |
| Materials specified | Contributor biographical information |
| Uniform Resource Identifier | <a href="http://www.loc.gov/catdir/enhancements/fy1103/2004101935-b.html">http://www.loc.gov/catdir/enhancements/fy1103/2004101935-b.html</a> |
| 856 42 - ELECTRONIC LOCATION AND ACCESS | |
| Materials specified | Publisher description |
| Uniform Resource Identifier | <a href="http://www.loc.gov/catdir/enhancements/fy1103/2004101935-d.html">http://www.loc.gov/catdir/enhancements/fy1103/2004101935-d.html</a> |
| 906 ## - LOCAL DATA ELEMENT F, LDF (RLIN) | |
| a | 7 |
| b | cbc |
| c | copycat |
| d | 2 |
| e | epcn |
| f | 20 |
| g | y-gencatlg |
| 942 ## - ADDED ENTRY ELEMENTS (KOHA) | |
| Source of classification or shelving scheme | |
| Koha item type | Book |
| Withdrawn status | Lost status | Source of classification or shelving scheme | Damaged status | Not for loan | Permanent Location | Current Location | Shelving location | Date acquired | Source of acquisition | Cost, normal purchase price | Total Checkouts | Full call number | Barcode | Date last seen | Cost, replacement price | Price effective from | Koha item type |
|---|---|---|---|---|---|---|---|---|---|---|---|---|---|---|---|---|---|
| Pakistan Navy Engineering College (PNEC) | Pakistan Navy Engineering College (PNEC) | Reference | 09/18/2007 | Siddiqui Enterprises | 5059.00 | 620.11 ASK | PNECLIB-028421 | 09/13/2014 | 5059.00 | 09/18/2007 | Book |
